[Event "Padova op-A 5th"]
[Site "Padova"]
[Date "2002.12.22"]
[Round "6.42"]
[White "Nardin, Loris"]
[Black "Gobbato, Paolo"]
[Result "0-1"]
[WhiteElo "1329"]
[BlackElo "1492"]
[PlyCount "75"]
[EventDate "2002.12.14"]
[EventType "swiss"]
[EventRounds "6"]
[EventCountry "ITA"]
[SourceTitle "EXT 2023"]
[Source "ChessBase"]
[SourceDate "2022.10.05"]
[SourceVersion "1"]
[SourceVersionDate "2022.10.05"]
[SourceQuality "1"]

1. e4 c5 2. Nf3 e6 3. d4 cxd4 4. Nxd4 a6 5. Nc3 b5 6. Bd3 Qc7 7. Be3 Bb4 8. Nde2 Bb7 9. a3 Ba5 10. b4 Bb6 11. Bxb6 Qxb6 12. Ng3 Qc7 13. Nce2 Nf6 14. 0-0 d6 15. f3 d5 16. Rc1 dxe4 17. Nxe4 Nd5 18. Qd2 Nd7 19. Qg5 0-0 20. Kh1 f6 21. Qh4 g6 22. Nd4 Rae8 23. Rfe1 Qf4 24. Qh3 f5 25. Ne2 Qe5 26. Ng5 Qg7 27. Nd4 Nf4 28. Qh4 e5 29. Bf1 h6 30. c4 hxg5 31. Qxg5 bxc4 32. Rxc4 exd4 33. Qxf4 Rxe1 34. Kg1 Ne5 35. Rxd4 Bxf3 36. gxf3 Nxf3+ 37. Qxf3 Qxd4+ 38. Kg2 0-1

[Event "Padova op-A 5th"]
[Site "Padova"]
[Date "2002.12.15"]
[Round "2.50"]
[White "Nardin, Loris"]
[Black "Ruhi, Abazi"]
[Result "1-0"]
[WhiteElo "1329"]
[BlackElo "1600"]
[PlyCount "39"]
[EventDate "2002.12.14"]
[EventType "swiss"]
[EventRounds "6"]
[EventCountry "ITA"]
[SourceTitle "EXT 2023"]
[Source "ChessBase"]
[SourceDate "2022.10.05"]
[SourceVersion "1"]
[SourceVersionDate "2022.10.05"]
[SourceQuality "1"]

1. e4 e5 2. Nf3 Nc6 3. Bc4 h6 4. c3 Bc5 5. b4 Bb6 6. d4 exd4 7. 0-0 Qf6 8. e5 Qe7 9. Ba3 d6 10. cxd4 Be6 11. exd6 Qf6 12. Bxe6 fxe6 13. Nbd2 cxd6 14. Ne4 Qd8 15. b5 Nce7 16. Nxd6+ Kf8 17. Qb3 Qd7 18. Ne5 Qc7 19. Rac1 Nd5 20. Ng6# 1-0

[Event "Padova op-A 5th"]
[Site "Padova"]
[Date "2002.12.15"]
[Round "3.37"]
[White "Zambon, Roberto"]
[Black "Nardin, Loris"]
[Result "1/2-1/2"]
[WhiteElo "1510"]
[BlackElo "1329"]
[PlyCount "108"]
[EventDate "2002.12.14"]
[EventType "swiss"]
[EventRounds "6"]
[EventCountry "ITA"]
[SourceTitle "EXT 2023"]
[Source "ChessBase"]
[SourceDate "2022.10.05"]
[SourceVersion "1"]
[SourceVersionDate "2022.10.05"]
[SourceQuality "1"]

1. d4 f5 2. Nf3 e6 3. g3 Nf6 4. Bg2 d5 5. 0-0 c6 6. c4 Nbd7 7. b3 Be7 8. Ne5 0-0 9. Nd2 a6 10. Ndf3 Ne4 11. Nd3 Qc7 12. Nfe5 Bf6 13. Bb2 b5 14. cxd5 exd5 15. Rc1 Bb7 16. f3 Ng5 17. Nxd7 Qxd7 18. e3 Rac8 19. Qd2 Rfe8 20. Rfe1 Qf7 21. Nc5 Re7 22. Qa5 Ba8 23. Qxa6 Ree8 24. Qa5 Bd8 25. Qd2 Qh5 26. Qe2 Bc7 27. e4 fxe4 28. fxe4 Qxe2 29. Rxe2 dxe4 30. Nxe4 Nxe4 31. Rxe4 Rxe4 32. Bxe4 Re8 33. Bxc6 Bxc6 34. Rxc6 Ba5 35. Rc5 Re2 36. Rxb5 Be1 37. Bc1 Bf2+ 38. Kf1 Rxa2 39. d5 Bd4 40. Bf4 Rxh2 41. d6 Kf7 42. Rb7+ Ke8 43. b4 h6 44. b5 g5 45. Re7+ Kd8 46. Be3 Bxe3 47. Rxe3 Kd7 48. Rd3 Rb2 49. Rd5 Kd8 50. Ke1 Kd7 51. Kd1 Rg2 52. Rd3 Rb2 53. Rd5 Rg2 54. Rd3 Rb2 1/2-1/2

[Event "Padova op-A 5th"]
[Site "Padova"]
[Date "2002.12.14"]
[Round "1.51"]
[White "Sanzani, Pierluigi"]
[Black "Nardin, Loris"]
[Result "1-0"]
[WhiteElo "1630"]
[BlackElo "1329"]
[PlyCount "39"]
[EventDate "2002.12.14"]
[EventType "swiss"]
[EventRounds "6"]
[EventCountry "ITA"]
[SourceTitle "EXT 2023"]
[Source "ChessBase"]
[SourceDate "2022.10.05"]
[SourceVersion "1"]
[SourceVersionDate "2022.10.05"]
[SourceQuality "1"]

1. e4 d6 2. d4 Nf6 3. Nc3 g6 4. Be3 Bg7 5. f3 0-0 6. Qd2 c6 7. Bh6 b5 8. Bxg7 Kxg7 9. 0-0-0 a5 10. g4 a4 11. h4 b4 12. Nb1 Qb6 13. h5 Rh8 14. hxg6 fxg6 15. Qh6+ Kf7 16. Nh3 Ke8 17. Bc4 d5 18. exd5 cxd5 19. Bd3 Qxd4 20. Bxg6+ 1-0

[Event "Padova Fornace op 4th"]
[Site "Padova"]
[Date "2001.12.23"]
[Round "6.31"]
[White "Nardin, Loris"]
[Black "De Nard, Stefano"]
[Result "0-1"]
[WhiteElo "1329"]
[BlackElo "1530"]
[PlyCount "104"]
[EventDate "2001.12.15"]
[EventType "swiss"]
[EventRounds "6"]
[EventCountry "ITA"]
[SourceTitle "EXT 2024"]
[Source "ChessBase"]
[SourceDate "2023.10.10"]
[SourceVersion "1"]
[SourceVersionDate "2023.10.10"]
[SourceQuality "1"]

1. e4 c5 2. Nf3 d6 3. d4 cxd4 4. Nxd4 Nf6 5. Nc3 g6 6. Bg5 Bg7 7. Qd2 0-0 8. Be2 Nc6 9. Nxc6 bxc6 10. Bh6 Qb6 11. Bxg7 Kxg7 12. b3 Bb7 13. 0-0 Rfd8 14. Kh1 d5 15. e5 Ne4 16. Nxe4 dxe4 17. Qc3 Qd4 18. Qxd4 Rxd4 19. Rad1 Rad8 20. Rxd4 Rxd4 21. Rd1 Rxd1+ 22. Bxd1 c5 23. c4 Kh6 24. h4 g5 25. g3 Kg6 26. hxg5 Kxg5 27. g4 Kf4 28. e6 f6 29. Kh2 Ke5 30. Kg3 Bc8 31. f4+ exf3 32. Bxf3 Bxe6 33. a3 Kd4 34. Kh4 Bf7 35. Kg3 Kc3 36. Bd1 a5 37. Kf4 Bg6 38. g5 fxg5+ 39. Kxg5 e5 40. a4 e4 41. Kf4 Kd2 42. Bg4 e3 43. Ke5 e2 44. Bxe2 Kxe2 45. Kd5 Kd3 46. Kxc5 Kc3 47. Kb5 Kxb3 48. c5 Be8+ 49. Kxa5 Bxa4 50. Kb6 h5 51. c6 Bxc6 52. Kxc6 h4 0-1

[Event "Padova Fornace op 4th"]
[Site "Padova"]
[Date "2001.12.22"]
[Round "4.29"]
[White "Nardin, Loris"]
[Black "Clarini, Ivo"]
[Result "0-1"]
[WhiteElo "1329"]
[BlackElo "1657"]
[PlyCount "88"]
[EventDate "2001.12.15"]
[EventType "swiss"]
[EventRounds "6"]
[EventCountry "ITA"]
[SourceTitle "EXT 2024"]
[Source "ChessBase"]
[SourceDate "2023.10.10"]
[SourceVersion "1"]
[SourceVersionDate "2023.10.10"]
[SourceQuality "1"]

1. e4 e6 2. d4 d5 3. exd5 exd5 4. Bd3 Be6 5. Nf3 c5 6. 0-0 h6 7. Re1 c4 8. Bf1 Bd6 9. Be3 Nc6 10. Qd2 Qc7 11. Nc3 a6 12. h3 Nge7 13. b3 Qa5 14. Bf4 Bb4 15. Re3 Nf5 16. Rae1 Nxe3 17. Rxe3 b5 18. Ne5 Nxe5 19. Bxe5 Bxc3 20. Qxc3 Qxc3 21. Rxc3 f6 22. Bd6 Kd7 23. Bc5 Bf5 24. b4 Rhe8 25. f3 a5 26. a3 Re1 27. g4 Bg6 28. f4 Be4 29. f5 Rc1 30. bxa5 Rxa5 31. Bf8 Rxc2 32. Rg3 g5 33. Bxh6 Ke7 34. h4 gxh4 35. Rh3 Kf7 36. Rxh4 Rxa3 37. Bf4 Rf3 38. Bd6 Rc1 39. Rh7+ Kg8 40. Re7 Rfxf1+ 41. Kh2 Rc3 42. Re8+ Kg7 43. Re7+ Kh6 44. g5+ Kxg5 0-1

[Event "Padova Fornace op 4th"]
[Site "Padova"]
[Date "2001.12.16"]
[Round "3.35"]
[White "Franz, Paolo"]
[Black "Nardin, Loris"]
[Result "0-1"]
[WhiteElo "1500"]
[BlackElo "1329"]
[PlyCount "81"]
[EventDate "2001.12.15"]
[EventType "swiss"]
[EventRounds "6"]
[EventCountry "ITA"]
[SourceTitle "EXT 2024"]
[Source "ChessBase"]
[SourceDate "2023.10.10"]
[SourceVersion "1"]
[SourceVersionDate "2023.10.10"]
[SourceQuality "1"]

1. e4 d6 2. d4 Nf6 3. Nc3 g6 4. Nf3 Bg7 5. Bc4 0-0 6. 0-0 c6 7. Re1 b5 8. Bb3 a5 9. a4 b4 10. Nb1 Nbd7 11. c3 c5 12. Bg5 Qc7 13. Nbd2 e5 14. Rc1 Ba6 15. Bc4 Rfb8 16. Qe2 bxc3 17. bxc3 Bc8 18. Rb1 Ra7 19. Rxb8 Qxb8 20. Rb1 Rb7 21. Rxb7 Bxb7 22. d5 Nh5 23. Bb5 Ndf6 24. Nc4 Qc7 25. g3 Bc8 26. Nfd2 Bd7 27. Na3 h6 28. Bxf6 Bxf6 29. Bxd7 Qxd7 30. Ndc4 Qxa4 31. Qc2 Qd7 32. Qe2 Bd8 33. f3 Nf6 34. Ne3 Qa4 35. Qb2 Nd7 36. Nec2 Bb6 37. Qb5 c4+ 38. Kg2 Qxb5 39. Nxb5 Bc5 40. Nca3 Nb6 41. Kf1 0-1